Countries that start with N - Statistics

General Stats
  • This quiz has been taken 27 times
  • The average score is 10 of 11
Answer Stats
Hint Answer % Correct
Pyongyang North Korea
100%
Oslo Norway
100%
Amsterdam Netherlands
96%
Wellington New zealand
92%
Managua Nicaragua
92%
Windhoek Namibia
88%
Kathmandu Nepal
88%
Skopje North Macedonia
83%
Niamey Niger
79%
Abuja Nigeria
79%
Yaren district(No official capital) Nauru
71%
No matching quizzes found
Score Distribution
Percent of People with Each Score
Percentile by Number Answered
Your Score History
You have not taken this quiz